000 00372nam a2200145Ia 4500
008 230312s9999||||xx |||||||||||||| ||und||
020 _a978-81-317-0502
082 _a621.382
_bFLO-T
100 _aBusch,David
245 0 _aDigital SLR Cameras & Photography for Dummies
260 _bPearson
_aIndia
_c1999
300 _a310
650 _aComputer
_vComputer
942 _cBK
999 _c15700
_d15700